=LDR 00000nam 2200000 4500 =001 INLIS000000000001681 =005 20230802024036 =035 ##$$a 0010-0823000129 =007 ta =008 230802################g##########0#ind## =020 ##$$a 978-602-202-076-9 =082 ##$$a 372.8 =084 ##$$a 372.8 ANI p =100 #$$a Anik maryuani =245 1#$$a Perilaku Hidup Bersih dan Sehat /$c bkkbn =260 ##$$a Jakarta :$b CV. Trans Infi Media,$c 2013 =300 ##$$a 218 : $b Ilus ; $c 21 cm =650 #4$$a KESEHATAN =520 ##$$a Perilaku hidup bersih dan sehat untuk menciptakan keluarga sehat, masyarakat yang sehat dan bangsa yang sehat